| 000 | 00378nam a22001697a 4500 | ||
|---|---|---|---|
| 003 | SGT | ||
| 020 | _a978930455553 | ||
| 082 |
_a612.8 _bN21S |
||
| 100 | _aSHARMA, DEEPAK | ||
| 245 | _aTB. OF NEUROBIOLOGY | ||
| 250 | _a1ST | ||
| 260 |
_aINDIA _bDREAMTECH PRESS PUB _c2021 |
||
| 300 | _a379 | ||
| 650 | _aHUMAN PHYSIOLOGY | ||
| 653 | _a NEUROBIOLOGY | ||
| 942 |
_2ddc _cBK _014 |
||
| 999 |
_c23780 _d23780 |
||